| 000 | 00433nam a22001817a 4500 | ||
|---|---|---|---|
| 003 | MPLRDC | ||
| 005 | 20220104114320.0 | ||
| 008 | 210129b ||||| |||| 00| 0 eng d | ||
| 020 | _a962-357-447-9 | ||
| 082 | _a494.386 STR | ||
| 100 | _a孙天伦 | ||
| 245 |
_a善用干劲训练班 _c |
||
| 260 |
_a _b明窗出版社 _c1992 |
||
| 300 | _b平 | ||
| 490 | _a知识系列 | ||
| 650 | _a训练及进修 | ||
| 942 |
_cBK _o494.386 STR |
||
| 999 |
_c6527 _d6517 |
||